• 首页
  • 本馆介绍
  • 公告通知
  • 最新文献
  • 馆藏检索
  • 电子资源
  • 读者导购
  • 参考咨询
  • 我的图书馆
  • 登录
  • 详细信息显示
  • 放入我的书架
  • 预约/预借图书
  • 作者相关作品
  • 分类相关作品
  • 丛书相关作品
  • 出版社相关作品

书目信息

  • 表格格式
  • 工作单格式
  • 卡片格式
题名:
爆炸与防护
    
 
作者: 李剑 编著
分册:  
出版信息: 北京   中国水利水电出版社  2014
页数: 290页
开本: 26cm
丛书名:
单 册:
中图分类: X932 , X93
科图分类:
主题词: 爆炸--安全防护
电子资源:
ISBN: 978-7-5170-2412-5
000 00822nam0 2200241 450
001 012015000055
005 20150911082231.26
010    @a978-7-5170-2412-5@dCNY62.00
100    @a20150310d2014 em y0chiy50 ea
101 0  @achi
102    @aCN@b110000
105    @aa z 000yy
106    @ar
200 1  @a爆炸与防护@Abao zha yu fang hu@f李剑编著
210    @a北京@c中国水利水电出版社@d2014
215    @a290页@c图@d26cm
330    @a本书从爆炸的基本理论出发,系统全面地论述了爆炸的基本原理、爆炸作用与毁伤以及与爆炸相关的测试技术。同时从安全防护的角度讲解了爆炸物检测与处置、爆炸防护的技术应用、爆炸周围环境防护和爆炸周边人员防护的相关内容。
606 0  @a爆炸@x安全防护
690    @aX932@v5
690    @aX93@v5
701  0 @a李剑@Ali jian@4编著
801  0 @aCN@b碧洲教育@c20150716
905    @a10447@f4@dX932@e20
    
    爆炸与防护/李剑编著.-北京:中国水利水电出版社,2014
    290页:图;26cm
    
    
    ISBN 978-7-5170-2412-5:CNY62.00
    本书从爆炸的基本理论出发,系统全面地论述了爆炸的基本原理、爆炸作用与毁伤以及与爆炸相关的测试技术。同时从安全防护的角度讲解了爆炸物检测与处置、爆炸防护的技术应用、爆炸周围环境防护和爆炸周边人员防护的相关内容。
●
相关链接 在E读中查询图书 在五车中查询图书 在当当中查询图书 在豆瓣中查询图书


正题名:爆炸与防护     索取号:X932/20         预约/预借

序号 登录号 条形码 馆藏地/架位号 状态 备注
1 0870781   208707817   第二样本阅览室/ [索取号:X932/20] 在馆    
2 0870782   208707826   第三借阅区/ [索取号:X932/20] 在馆    
3 0870783   208707835   第三借阅区/ [索取号:X932/20] 在馆    
4 0870784   208707844   第三借阅区/ [索取号:X932/20] 在馆    
唐山师范学院图书馆 欢迎您!
大连网信软件有限公司© 版权所有